000 02220cam a2200625 4500
999 _c24143
_d24143
001 vtls012241313
005 20260218101455.0
008 231010s2023 xo oa grn 001 0dslo
020 _a9788022214742
_q(viazané)
040 _aSVKPO
_bslo
_cSVKPO
_dSNK
_erda
041 1 _aslo
_heng
044 _axo
_cSK
072 7 _a618
_xGynekológia. Pôrodníctvo
_2konspekt
072 7 _a612
_xFyziológia človeka a porovnávacia fyziológia
_2konspekt
080 _a612.662.9
_22011
080 _a618.173
_22011
080 _a612.67
_22011
080 _a316.346.32-055.2-053.85
_22011
080 _a(0:82-32)
_22011
080 _a(0.062)
_22011
080 _a613
_22011
100 1 _aMcCall, Davina,
_d1967-
_4aut
_95427
240 1 0 _aMenopausing
_lSlovensky
245 1 0 _aMenopauza
_cDavina McCallová, Naomi Potterová ; z anglického originálu Menopausing ... preložila Zora Ličková
246 1 _iObálkový podnázov:
_aSprievodca dôležitou etapou života zrelej ženy
250 _aVydanie I.
264 1 _aBratislava
_bTatran
_c2023
300 _a304 strán
_bfarebné fotografie, farebné ilustrácie
_c24 cm
336 _atext
_btxt
_2rdacontent
337 _abez média
_bn
_2rdamedia
338 _azväzok
_bnc
_2rdacarrier
500 _aObsahuje profesijné údaje o autorkách
500 _aObsahuje poznámky
500 _aText v stĺpcoch
650 0 7 _aperimenopauza
_2SNKPH
_95428
650 0 7 _amenopauza
_2SNKPH
_95429
650 0 7 _aklimaktérium
_2SNKPH
_95430
650 0 7 _aženy stredného veku
_2SNKPH
_95431
650 0 7 _aPerimenopause
_2SNKPHeng
_95432
650 0 7 _aMenopause
_2SNKPHeng
_95433
650 0 7 _aClimacteric
_2SNKPHeng
_95434
650 0 7 _aMiddle-aged women
_2SNKPHeng
_95435
650 0 7 _astarostlivosť o zdravie
_2SNKPH
_93840
650 0 7 _aHealth care
_2SNKPHeng
_93841
655 7 _apríbehy
_2SNKPH
_92455
655 7 _apopulárno-náučné publikácie
_2SNKPH
_91486
655 7 _aStories
_2SNKPHeng
_91706
655 7 _aPopular works
_2SNKPHeng
_91487
700 1 _aPotter, Naomi
_4aut
_95436
700 1 _aLičková, Zora,
_d1959-
_4trl
_93336
700 1 _aZentko, Peter
_4bkd
_95357
958 _aNB
958 _aOP